Statistics for WW2 Sides

Click here to take the quiz!

General Stats

  • This quiz has been taken 85 times
  • The average score is 12 of 15

Answer Stats

HintAnswer% Correct
AxisGermany
97%
AxisJapan
97%
AlliesUK
97%
AlliesUSA
97%
AlliesFrance
95%
AxisItaly
95%
AlliesSoviet Union
93%
AxisRomania
82%
AlliesCanada
81%
AlliesChina
81%
AxisBulgaria
74%
AxisHungary
74%
AlliesPoland
68%
AxisFinland
63%
AxisIraq
25%

Score Distribution

Percentile by Number Answered

Percent of People with Each Score

Your Score History

You have not taken this quiz